| 000 | 00556nam a2200193 u 4500 | ||
|---|---|---|---|
| 005 | 20240228064052.0 | ||
| 008 | 121015s2002 es r 000 0 spa d | ||
| 020 | _a8481314161 | ||
| 035 | _aUPN01000187523 | ||
| 049 | _aI | ||
| 050 | 4 |
_aPZ71 _bC3.62 |
|
| 100 | 1 |
_aCano Peiró, Carles, _d1957- _931900 |
|
| 245 | 1 | 0 |
_aNo quiero bañarme / _cCarles Cano ; il. Rosa Anna Crespo. |
| 260 |
_aValencia, Esp. : _bTándem, _c2002. |
||
| 300 |
_a[22] p. : _bil. col. |
||
| 650 | 4 |
_aLibros y lectura para niños _92290 |
|
| 905 | _aInfantil | ||
| 999 |
_c159626 _d159626 |
||